[Event "34. Abierto Collado Villalba 2017 - B"]
[Site "Collado Villalba ESP"]
[Date "2017.08.23"]
[Round "2.10"]
[White "Rodriguez Gomez, Jose Antonio"]
[Black "Rodriguez Del Moral, Angel"]
[Result "1/2-1/2"]
[WhiteElo "1585"]
[BlackElo "1769"]
[PlyCount "73"]
[EventDate "2017.08.22"]
[EventType "swiss"]
[EventRounds "9"]
[EventCountry "ESP"]
[SourceTitle "Ajedrez en Madrid"]
[Source "lmi"]
[SourceDate "2017.08.22"]
[SourceVersion "1"]
[SourceVersionDate "2017.08.31"]
[SourceQuality "1"]

1. e4 e6 2. d4 d5 3. exd5 exd5 4. Nf3 Nf6 5. Bg5 Be7 6. Bd3 Bg4 7. O-O O-O 8.
Re1 h6 9. Bh4 g5 10. Bg3 Nh5 11. h3 Bd7 12. Bh2 Ng7 13. Ne5 Bd6 14. Nxd7 Bxh2+
15. Kxh2 Nxd7 16. Nd2 Qf6 17. Nf3 Rae8 18. c3 Rxe1 19. Qxe1 Re8 20. Qd2 Kf8 21.
Re1 Rxe1 22. Qxe1 Qf4+ 23. Kg1 g4 24. hxg4 Qxg4 25. Qe3 Qe6 26. Nh4 Qf6 27. g3
Qg6 28. f4 Qg4 29. Be2 Qh3 30. Bf1 Qe6 31. Kf2 Nf6 32. Qxe6 Nxe6 33. Bh3 Ng7
34. Bc8 Ne4+ 35. Kf3 Nd6 36. Bd7 Ke7 37. Bh3 1/2-1/2

[Event "Collado Villaoba op-B 34th"]
[Site "Collado Villalba"]
[Date "2017.08.23"]
[Round "2.11"]
[White "Mataix Fernandez, Ricardo"]
[Black "Salgado Duarte, Pablo"]
[Result "1-0"]
[WhiteElo "1762"]
[BlackElo "1583"]
[PlyCount "53"]
[EventDate "2017.08.22"]
[EventType "swiss"]
[EventRounds "9"]
[EventCountry "ESP"]

1. e4 e5 2. Nf3 Nc6 3. Bc4 Be7 4. O-O Nf6 5. Re1 d6 6. h3 O-O 7. c3 a6 8. d4 b5
9. Bf1 exd4 10. cxd4 Bb7 11. Bf4 Na5 12. Nbd2 h6 13. d5 Bc8 14. b4 Nb7 15. Nd4
Qd7 16. Rc1 Nd8 17. Qc2 Ne8 18. N2b3 Bf6 19. Be2 Bxd4 20. Nxd4 Bb7 21. Qd2 Rc8
22. Bg4 Qe7 23. Bxc8 Bxc8 24. Re3 Bb7 25. Rg3 Qf6 26. Bxh6 Kh8 27. Bg5 1-0

[Event "Collado Villaoba op-B 34th"]
[Site "Collado Villalba"]
[Date "2017.08.23"]
[Round "2.12"]
[White "Yaniz Lana, Francisco Javier"]
[Black "Alvarez Gonzalez, Eduardo"]
[Result "0-1"]
[WhiteElo "1572"]
[BlackElo "1761"]
[PlyCount "60"]
[EventDate "2017.08.22"]
[EventType "swiss"]
[EventRounds "9"]
[EventCountry "ESP"]

1. d4 Nf6 2. Nf3 e6 3. Bf4 b6 4. e3 Bb7 5. Bd3 Be7 6. h3 O-O 7. Nbd2 d5 8. O-O
c5 9. c3 Nbd7 10. Rc1 g6 11. Ne5 Nxe5 12. dxe5 Nh5 13. Bh6 Ng7 14. Qg4 Qd7 15.
h4 Rfd8 16. h5 Nxh5 17. f4 f5 18. Qh3 Ng7 19. g4 fxg4 20. Qxg4 Nf5 21. Bxf5
exf5 22. Qh3 d4 23. cxd4 cxd4 24. e6 Qxe6 25. exd4 Rxd4 26. Nb3 Rc4 27. Rce1
Re4 28. Nd4 Bc5 29. Rxe4 Qxe4 30. Re1 Qxd4+ 0-1

[Event "Collado Villaoba op-B 34th"]
[Site "Collado Villalba"]
[Date "2017.08.23"]
[Round "2.13"]
[White "Menguez Rodriguez, Felipe"]
[Black "Garcia Prada, Alejandro"]
[Result "1-0"]
[WhiteElo "1736"]
[BlackElo "1505"]
[PlyCount "71"]
[EventDate "2017.08.22"]
[EventType "swiss"]
[EventRounds "9"]
[EventCountry "ESP"]

1. e4 c5 2. Nf3 Nc6 3. c3 g6 4. d4 cxd4 5. cxd4 Bg7 6. Be3 d6 7. h3 Nf6 8. Nc3
O-O 9. Be2 Bd7 10. O-O a6 11. Qd2 Rc8 12. Rad1 Be8 13. Bh6 Nd7 14. Bxg7 Kxg7
15. d5 Nce5 16. Nh2 Nb6 17. f4 Nec4 18. Qd4+ f6 19. b3 Na5 20. Kh1 Bf7 21. f5
g5 22. Nf3 Qd7 23. Nxg5 Qc7 24. Ne6+ Bxe6 25. fxe6 Qc5 26. Qd2 Qxc3 27. Qf4 Qe5
28. Qe3 Na8 29. Rf5 Qc3 30. Bd3 Qb2 31. Rh5 Rh8 32. Qh6+ Kg8 33. Rh4 f5 34.
exf5 Qg7 35. Rg4 Qxg4 36. hxg4 1-0

[Event "Collado Villaoba op-B 34th"]
[Site "Collado Villalba"]
[Date "2017.08.23"]
[Round "2.14"]
[White "Rufo Yebra, Benito"]
[Black "Fernandez Estremera, Fernando"]
[Result "1/2-1/2"]
[WhiteElo "1363"]
[BlackElo "1722"]
[PlyCount "100"]
[EventDate "2017.08.22"]
[EventType "swiss"]
[EventRounds "9"]
[EventCountry "ESP"]

1. d4 Nf6 2. e3 e6 3. Bd2 b6 4. Nf3 Bb7 5. Nc3 Be7 6. Bd3 O-O 7. Qe2 d6 8. h4
h5 9. Rg1 Ng4 10. Ne4 Bxe4 11. Bxe4 d5 12. Bd3 Bxh4 13. Nxh4 Qxh4 14. g3 Qe7
15. f3 Nf6 16. g4 hxg4 17. fxg4 g6 18. Qh2 Nh7 19. Rh1 f5 20. O-O-O Nc6 21. Bb5
Na5 22. Bb4 c5 23. dxc5 Rf7 24. gxf5 exf5 25. Rxd5 Qxe3+ 26. Bd2 Qe4 27. Rd7
Raf8 28. Qh6 Qg4 29. b3 f4 30. Bxa5 bxa5 31. Bc4 Qg5 32. Bxf7+ Rxf7 33. Qxg5
Nxg5 34. Rxf7 Kxf7 35. c6 Ne6 36. Rh7+ Kf6 37. Kd2 g5 38. c7 Nxc7 39. Rxc7 g4
40. Rc4 Kg5 41. Ke2 f3+ 42. Kf2 Kh4 43. Rf4 Kh3 44. Rxg4 Kxg4 45. c4 Kf4 46. a3
Ke4 47. b4 axb4 48. axb4 Kd4 49. c5 Kd5 50. Kxf3 a5 1/2-1/2

[Event "Collado Villaoba op-B 34th"]
[Site "Collado Villalba"]
[Date "2017.08.23"]
[Round "2.15"]
[White "Marivela Santos, Juan Carlos"]
[Black "Martin Rodriguez, Jose Luis"]
[Result "1-0"]
[WhiteElo "1716"]
[BlackElo "1291"]
[PlyCount "114"]
[EventDate "2017.08.22"]
[EventType "swiss"]
[EventRounds "9"]
[EventCountry "ESP"]

1. c4 e5 2. Nc3 Nf6 3. Nf3 Nc6 4. g3 g6 5. Bg2 Bg7 6. d4 exd4 7. Nxd4 Nxd4 8.
Qxd4 O-O 9. O-O d6 10. Rd1 Re8 11. Qd3 Rb8 12. c5 Bf8 13. cxd6 Bxd6 14. Nb5 Be7
15. Nxa7 Qxd3 16. Rxd3 Bg4 17. Rb3 c6 18. Be3 Bxe2 19. Rc1 Ba6 20. Bf1 Bxf1 21.
Kxf1 Nd5 22. Bd4 Red8 23. Be5 Bd6 24. Bxd6 Rxd6 25. Nxc6 Re8 26. Nb4 Nf6 27.
Rbc3 Rd2 28. R1c2 Ree2 29. b3 Rxc2 30. Rxc2 Rxc2 31. Nxc2 Kf8 32. Ke2 Ke7 33.
f3 Kd6 34. Kd3 Nd7 35. f4 f5 36. b4 Nf6 37. a4 Ng4 38. h4 Nf2+ 39. Ke3 Ne4 40.
Kf3 Nc3 41. a5 Nd5 42. g4 Ke6 43. Nd4+ Kf7 44. b5 fxg4+ 45. Kxg4 Kf6 46. a6
bxa6 47. bxa6 Nb6 48. a7 h5+ 49. Kf3 Ke7 50. Ke4 Kd7 51. Ke5 Kc7 52. Kf6 Kb7
53. Kxg6 Nd5 54. f5 Nf4+ 55. Kg5 Nd5 56. f6 Kxa7 57. f7 Nf6 1-0

[Event "Collado Villaoba op-B 34th"]
[Site "Collado Villalba"]
[Date "2017.08.23"]
[Round "2.16"]
[White "Gonzalez Pabollet, Jesus Maria"]
[Black "Criado Riesgo, Manuel"]
[Result "1/2-1/2"]
[WhiteElo "1873"]
[BlackElo "1646"]
[PlyCount "66"]
[EventDate "2017.08.22"]
[EventType "swiss"]
[EventRounds "9"]
[EventCountry "ESP"]

1. Nf3 d5 2. b3 Nf6 3. Bb2 e6 4. e3 c5 5. Be2 Nc6 6. O-O Be7 7. d4 O-O 8. a3
Ne4 9. Nbd2 f5 10. dxc5 Nxc5 11. b4 Na4 12. Rb1 Bf6 13. Bxf6 Qxf6 14. Rb3 Rd8
15. Qa1 d4 16. exd4 Nxd4 17. Nxd4 Rxd4 18. Nf3 Rd6 19. Qe5 Qd8 20. Rbb1 Rd5 21.
Rbd1 Nb6 22. Rxd5 Qxd5 23. Rd1 Qxe5 24. Nxe5 Kf8 25. Rd8+ Ke7 26. Rh8 h6 27.
Bb5 a6 28. Ng6+ Kf6 29. Be8 e5 30. Rf8+ Ke6 31. Bf7+ Kf6 32. Be8+ Ke6 33. Bf7+
Kf6 1/2-1/2

[Event "Collado Villaoba op-B 34th"]
[Site "Collado Villalba"]
[Date "2017.08.23"]
[Round "2.17"]
[White "Tirado Parra, Alberto"]
[Black "Aguilera Alonso, Hector"]
[Result "1-0"]
[WhiteElo "1863"]
[BlackElo "1574"]
[PlyCount "44"]
[EventDate "2017.08.22"]
[EventType "swiss"]
[EventRounds "9"]
[EventCountry "ESP"]

1. f4 d5 2. Nf3 Nf6 3. e3 Bf5 4. Be2 Nc6 5. d3 Qd6 6. O-O g6 7. Nc3 a6 8. Nh4
Bd7 9. e4 dxe4 10. dxe4 Qc5+ 11. Kh1 O-O-O 12. e5 Bg4 13. Bxg4+ Kb8 14. Qf3
Nxg4 15. Qxg4 e6 16. Qe2 Be7 17. Nf3 Nb4 18. Be3 Qc6 19. Nd4 Qe8 20. Ne4 Nd5
21. Bg1 h5 22. c4 Nxf4 1-0

[Event "Collado Villaoba op-B 34th"]
[Site "Collado Villalba"]
[Date "2017.08.23"]
[Round "2.18"]
[White "Osorio Ramos, Francisco"]
[Black "Merino Conrado, Ricardo"]
[Result "1-0"]
[WhiteElo "1845"]
[BlackElo "1474"]
[PlyCount "53"]
[EventDate "2017.08.22"]
[EventType "swiss"]
[EventRounds "9"]
[EventCountry "ESP"]

1. d4 g6 2. c4 Bg7 3. Nc3 Nf6 4. g3 b6 5. Bg2 c6 6. e4 d6 7. Nf3 Bg4 8. h3 Bd7
9. O-O Qc8 10. Kh2 Ng8 11. e5 dxe5 12. Nxe5 Bxe5 13. dxe5 f5 14. b3 Be6 15. Re1
Qc7 16. Bb2 h5 17. Nb5 Qc8 18. Nd4 a6 19. Nf3 Ra7 20. Qd4 c5 21. Qf4 Nh6 22.
Nh4 Bf7 23. e6 Bxe6 24. Bxh8 Nf7 25. Rxe6 Nxh8 26. Rxb6 Kf7 27. Rxb8 1-0

[Event "Collado Villaoba op-B 34th"]
[Site "Collado Villalba"]
[Date "2017.08.23"]
[Round "2.20"]
[White "Llamas Martinez, Pablo"]
[Black "Medrano Del Val, Julio"]
[Result "0-1"]
[WhiteElo "1397"]
[BlackElo "1823"]
[PlyCount "72"]
[EventDate "2017.08.22"]
[EventType "swiss"]
[EventRounds "9"]
[EventCountry "ESP"]

1. e4 d5 2. exd5 Qxd5 3. Nc3 Qa5 4. d4 c6 5. Bd2 Nf6 6. Bc4 Qc7 7. h3 e6 8. Nf3
Nbd7 9. O-O Be7 10. Re1 O-O 11. Ne5 Bd6 12. Bf4 Nb6 13. Bd3 Nbd5 14. Nxd5 exd5
15. c4 dxc4 16. Bxc4 Nd5 17. Bxd5 cxd5 18. Qf3 Be6 19. Qg3 Qd8 20. Nxf7 Bxf4
21. Nxd8 Bxg3 22. fxg3 Bxh3 23. Nxb7 Bf5 24. Re5 Rab8 25. Nc5 Rxb2 26. Rxd5 Bb1
27. a4 Rff2 28. Rxb1 Rxg2+ 29. Kf1 Rbf2+ 30. Ke1 Re2+ 31. Kd1 Rd2+ 32. Kc1 Rdf2
33. Rb8+ Kf7 34. Rb7+ Kg6 35. Rd6+ Kh5 36. Rd5+ Kh6 0-1

[Event "Collado Villaoba op-B 34th"]
[Site "Collado Villalba"]
[Date "2017.08.23"]
[Round "2.21"]
[White "Criado Herrero, Luis"]
[Black "Diaz Lopez, Victor"]
[Result "0-1"]
[WhiteElo "1526"]
[BlackElo "1800"]
[PlyCount "80"]
[EventDate "2017.08.22"]
[EventType "swiss"]
[EventRounds "9"]
[EventCountry "ESP"]

1. e4 d5 2. exd5 Qxd5 3. Nc3 Qa5 4. d4 c6 5. Bd2 Bf5 6. Nf3 Nf6 7. Ne4 Qd8 8.
Nxf6+ exf6 9. Be3 Bd6 10. Nh4 Be6 11. Bd3 g5 12. Nf5 Bxf5 13. Bxf5 Qa5+ 14. c3
Qxf5 15. O-O Nd7 16. Qb3 Qb5 17. Qc2 O-O-O 18. c4 Qa5 19. c5 Bf4 20. Bxf4 gxf4
21. Qe4 Rde8 22. Qxf4 Qc7 23. Qf5 Re2 24. b4 Qd8 25. a4 Qe7 26. b5 Qe4 27. Qh3
Re8 28. b6 axb6 29. cxb6 Qxd4 30. g3 Qc3 31. a5 Re1 32. Rd1 Rxd1 33. Rxd1 Re1+
34. Rxe1 Qxe1+ 35. Kg2 Qe4+ 36. Kg1 Kd8 37. Qf1 Ne5 38. Qd1+ Ke7 39. Qc1 Nf3+
40. Kg2 Ng5+ 0-1

[Event "Collado Villaoba op-B 34th"]
[Site "Collado Villalba"]
[Date "2017.08.23"]
[Round "2.23"]
[White "Andrade Sandoval, Marian"]
[Black "Olias Muñoz, Francisco"]
[Result "0-1"]
[WhiteElo "1222"]
[BlackElo "1865"]
[PlyCount "62"]
[EventDate "2017.08.22"]
[EventType "swiss"]
[EventRounds "9"]
[EventCountry "ESP"]

1. d4 Nf6 2. Nf3 g6 3. Bf4 Bg7 4. e3 O-O 5. Be2 c5 6. c3 Qb6 7. Qb3 Qxb3 8.
axb3 cxd4 9. cxd4 Nc6 10. O-O d6 11. Rc1 Be6 12. Nbd2 Nh5 13. Bg3 Nxg3 14. fxg3
Rfc8 15. e4 Nxd4 16. Nxd4 Bxd4+ 17. Kh1 Bxb2 18. Rxc8+ Rxc8 19. Rxa7 Rc2 20.
Nf3 Rxe2 21. Rxb7 Bf6 22. b4 Rxe4 23. b5 Rb4 24. Nd2 Rb2 25. Nf3 Rb1+ 26. Ng1
Bd4 27. h3 Rxg1+ 28. Kh2 Rxg2+ 29. Kh1 Bd5 30. Rb8+ Kg7 31. b6 Rb2# 0-1

[Event "Collado Villaoba op-B 34th"]
[Site "Collado Villalba"]
[Date "2017.08.23"]
[Round "2.24"]
[White "Dueñas Delgado, Maximiliano"]
[Black "Cujba, Anca-Claudia"]
[Result "0-1"]
[WhiteElo "1385"]
[BlackElo "1664"]
[PlyCount "76"]
[EventDate "2017.08.22"]
[EventType "swiss"]
[EventRounds "9"]
[EventCountry "ESP"]

1. d4 Nf6 2. Bf4 g6 3. e3 Bg7 4. Bd3 d6 5. Nf3 O-O 6. c3 Qe8 7. Nbd2 Nh5 8. Bg3
e5 9. dxe5 dxe5 10. e4 Nc6 11. Be2 Bd7 12. Nh4 Nf6 13. Nhf3 Rd8 14. Qc2 h6 15.
h3 Nh5 16. Bh2 f5 17. g3 fxe4 18. Nxe4 Bxh3 19. Ng1 Bg2 20. Bf3 Bxf3 21. Nxf3
Rxf3 22. O-O b6 23. Rae1 Qe6 24. a3 Kh8 25. Nd2 Rfd3 26. Ne4 Nf6 27. Nxf6 Qxf6
28. g4 Qf3 29. Qe2 Qxe2 30. Rxe2 Rd2 31. Rxd2 Rxd2 32. Rb1 Na5 33. b4 Nc4 34.
a4 Bf6 35. Bg3 Kg7 36. Kg2 Kf7 37. Kf3 Ke6 38. Ke4 Rxf2 0-1

[Event "Collado Villaoba op-B 34th"]
[Site "Collado Villalba"]
[Date "2017.08.23"]
[Round "2.25"]
[White "Suarez Prieto, Leopoldo"]
[Black "Guerra Pantojo, Daniel"]
[Result "1/2-1/2"]
[WhiteElo "1648"]
[BlackElo "1390"]
[PlyCount "95"]
[EventDate "2017.08.22"]
[EventType "swiss"]
[EventRounds "9"]
[EventCountry "ESP"]

1. e4 c5 2. Bc4 a6 3. a3 Nc6 4. f4 d6 5. Nc3 Nf6 6. d3 e6 7. Nf3 d5 8. e5 dxc4
9. exf6 Qxf6 10. Ne4 Qd8 11. dxc4 Qxd1+ 12. Kxd1 b6 13. c3 Bb7 14. Re1 Rd8+ 15.
Kc2 Be7 16. b3 a5 17. Bb2 O-O 18. Rad1 f5 19. Neg5 Rxd1 20. Rxd1 Bc8 21. Re1
Bxg5 22. Nxg5 Re8 23. h3 e5 24. b4 h6 25. Nf3 e4 26. b5 Ne7 27. Ne5 Kh7 28. a4
Ng6 29. Nxg6 Kxg6 30. Bc1 Kh5 31. Be3 Rd8 32. Rd1 Rxd1 33. Kxd1 Be6 34. Kd2
Bxc4 35. Bf2 g5 36. Ke3 Bf1 37. g4+ Kg6 38. h4 Bd3 39. gxf5+ Kxf5 40. fxg5 hxg5
41. hxg5 Kxg5 42. Bg3 Bc2 43. c4 Bxa4 44. Kxe4 Bc2+ 45. Kd5 Kf5 46. Bc7 Be4+
47. Kd6 Bd3 48. Kd5 1/2-1/2

[Event "Collado Villaoba op-B 34th"]
[Site "Collado Villalba"]
[Date "2017.08.23"]
[Round "2.26"]
[White "Perez Rodrigo, Alicia"]
[Black "Vazquez Rodriguez, Francisco"]
[Result "1/2-1/2"]
[WhiteElo "1377"]
[BlackElo "1579"]
[PlyCount "122"]
[EventDate "2017.08.22"]
[EventType "swiss"]
[EventRounds "9"]
[EventCountry "ESP"]

1. d4 d5 2. c4 e6 3. Nc3 Nf6 4. Bg5 c6 5. e3 Be7 6. Nf3 Nbd7 7. Bd3 h6 8. Bh4
O-O 9. O-O c5 10. cxd5 exd5 11. Rc1 c4 12. Bb1 Nb6 13. b3 Ba3 14. Rc2 Bf5 15.
Re2 Bxb1 16. Qxb1 Bb4 17. Rc1 Rc8 18. bxc4 Rxc4 19. Rec2 Be7 20. a4 Ba3 21.
Bxf6 Qxf6 22. Nxd5 Nxd5 23. Rxc4 Bxc1 24. Rxc1 Rb8 25. e4 Nb6 26. Rc7 Qd6 27.
Qc2 Nxa4 28. Rc8+ Rxc8 29. Qxc8+ Kh7 30. Qxb7 Qb6 31. Qxb6 Nxb6 32. Kf1 Kg6 33.
d5 Kf6 34. Ke2 Ke7 35. Kd3 f5 36. Nd2 fxe4+ 37. Kxe4 g6 38. Ke5 Nd7+ 39. Kd4
Nf6 40. h3 Nd7 41. Ne4 Kf7 42. Kc4 Ke7 43. Kb5 Nb6 44. Kc6 Nd7 45. f4 a5 46.
Kb5 a4 47. d6+ Ke6 48. Kc6 a3 49. Nc3 Nb8+ 50. Kc7 Na6+ 51. Kb6 Kxd6 52. Kxa6
Kc5 53. Ka5 Kd4 54. Nb5+ Ke4 55. Nxa3 Kxf4 56. Nc4 g5 57. Nd6 h5 58. g4 hxg4
59. hxg4 Kxg4 60. Ne4 Kf4 61. Nxg5 Kxg5 1/2-1/2

[Event "Collado Villaoba op-B 34th"]
[Site "Collado Villalba"]
[Date "2017.08.23"]
[Round "2.27"]
[White "Alameda Arellano, Cristeto"]
[Black "Ramirez Ocaña, Eneas"]
[Result "1-0"]
[WhiteElo "1577"]
[BlackElo "1385"]
[PlyCount "73"]
[EventDate "2017.08.22"]
[EventType "swiss"]
[EventRounds "9"]
[EventCountry "ESP"]

1. d4 d5 2. Bf4 c6 3. Nf3 Nf6 4. e3 e6 5. c4 Nbd7 6. Nc3 Be7 7. Bd3 dxc4 8.
Bxc4 b5 9. Bb3 Bb7 10. O-O a6 11. Qe2 c5 12. Rfd1 Qb6 13. h3 Rc8 14. Rac1 h6
15. Bc2 g5 16. Bg3 Nh5 17. Bh2 f5 18. Ne5 Nxe5 19. Bxe5 Nf6 20. Bxf6 Bxf6 21.
Qh5+ Ke7 22. d5 Bxc3 23. d6+ Kf8 24. bxc3 Rd8 25. Qg6 Rxd6 26. Qf6+ Kg8 27.
Rxd6 Qxd6 28. Rd1 Bd5 29. e4 fxe4 30. Bxe4 Qd7 31. Bxd5 exd5 32. Re1 Rh7 33.
Qg6+ Kf8 34. Re6 Qf7 35. Rf6 Ke8 36. Rxf7 Rxf7 37. Qxa6 1-0

[Event "Collado Villaoba op-B 34th"]
[Site "Collado Villalba"]
[Date "2017.08.23"]
[Round "2.28"]
[White "Martin Garcia, Francisco Javier"]
[Black "Garcia Prada, Guillermo"]
[Result "1/2-1/2"]
[WhiteElo "1551"]
[BlackElo "1375"]
[PlyCount "100"]
[EventDate "2017.08.22"]
[EventType "swiss"]
[EventRounds "9"]
[EventCountry "ESP"]

1. d4 d5 2. Nc3 Nf6 3. Bg5 e6 4. f3 Be7 5. Qd2 b6 6. e4 Bb7 7. e5 Nfd7 8. Bxe7
Qxe7 9. h4 c5 10. Nb5 Kd8 11. f4 Ba6 12. Nf3 Bxb5 13. Bxb5 a6 14. Be2 Nc6 15.
c3 c4 16. O-O-O b5 17. a3 Na5 18. Kb1 Nb3 19. Qc2 a5 20. Nd2 Nxd2+ 21. Qxd2 Kc7
22. g4 g6 23. h5 Rhb8 24. Kc2 Ra7 25. Ra1 Rab7 26. Rhb1 Ra8 27. hxg6 fxg6 28.
g5 Rba7 29. Kd1 b4 30. axb4 axb4 31. Rxa7+ Rxa7 32. Ke1 b3 33. Kf1 Ra2 34. Bg4
Ra8 35. Qc1 Rf8 36. Kg2 Rh8 37. Ra1 Kb7 38. Ra4 Ra8 39. Rxa8 Kxa8 40. Qa1+ Kb7
41. Qa5 Qf7 42. Kg3 Qe7 43. Bf3 Nb6 44. Kf2 Qf8 45. Ke3 Qa8 46. Qxa8+ Nxa8 47.
Bg4 Nc7 48. Kd2 Kc8 49. Ke3 Kd7 50. Kd2 Na8 1/2-1/2

[Event "Collado Villaoba op-B 34th"]
[Site "Collado Villalba"]
[Date "2017.08.23"]
[Round "2.29"]
[White "Olmedo Alvarez, Jesus"]
[Black "Mejias Gonzalez, Pedro"]
[Result "0-1"]
[WhiteElo "1361"]
[BlackElo "1541"]
[PlyCount "102"]
[EventDate "2017.08.22"]
[EventType "swiss"]
[EventRounds "9"]
[EventCountry "ESP"]

1. e4 e6 2. d3 d5 3. Nd2 Nf6 4. e5 Nfd7 5. d4 c5 6. Ngf3 cxd4 7. Nxd4 Nxe5 8.
c4 dxc4 9. Nxc4 Nxc4 10. Qa4+ Bd7 11. Qxc4 Nc6 12. Bd2 Nxd4 13. Qxd4 Bc6 14.
Qe3 Be7 15. h4 Bf6 16. Rb1 Bxh4 17. Rh2 Bf6 18. Bd3 h6 19. Ke2 Qd4 20. Qxd4
Bxd4 21. b3 Bf6 22. Bb4 Be7 23. Bc3 Bf6 24. Bb4 O-O-O 25. Rc1 Kb8 26. a4 Rhe8
27. f3 Rd5 28. Be4 Rd7 29. Bxc6 bxc6 30. Rxc6 Rc8 31. Bd6+ Kb7 32. Rxc8 Kxc8
33. Bb4 Rb7 34. Bc5 Rxb3 35. Bxa7 Ra3 36. Rh1 Rxa4 37. Rc1+ Kb7 38. Bg1 Ra2+
39. Kd3 Rxg2 40. Bc5 Rb2 41. Bd6 Rb3+ 42. Ke4 Rc3 43. Rb1+ Kc6 44. Bh2 Rc2 45.
Bg1 h5 46. Rb6+ Kc7 47. Rb3 Rc4+ 48. Kd3 Rc1 49. Bb6+ Kc6 50. Bf2 Rf1 51. Rb6+
Kc7 0-1

[Event "Collado Villaoba op-B 34th"]
[Site "Collado Villalba"]
[Date "2017.08.23"]
[Round "2.30"]
[White "Fernandez Garcia, Emiliano"]
[Black "Gijon Molina, Carlos"]
[Result "1-0"]
[WhiteElo "1537"]
[BlackElo "1189"]
[PlyCount "188"]
[EventDate "2017.08.22"]
[EventType "swiss"]
[EventRounds "9"]
[EventCountry "ESP"]

1. d4 Nf6 2. Nf3 e6 3. Bf4 d5 4. e3 Nc6 5. Nbd2 a6 6. c3 b5 7. a3 Bd6 8. Bg3
O-O 9. Bd3 Bxg3 10. hxg3 h6 11. Nb3 Re8 12. Qc2 e5 13. dxe5 Nxe5 14. Nxe5 Rxe5
15. Nd4 Qe8 16. O-O c6 17. Nf3 Rh5 18. Rfe1 Ne4 19. Bxe4 dxe4 20. Nd4 Bb7 21.
Rad1 c5 22. Nb3 Qe7 23. Qe2 Rd5 24. Na5 Rad8 25. Qc2 Rd3 26. c4 Qd7 27. Rxd3
exd3 28. Qd2 bxc4 29. Nxc4 Qd5 30. e4 Qxc4 31. f3 Qc2 32. Rd1 Qxd2 33. Rxd2 a5
34. Kf2 c4 35. Ke3 Ba6 36. g4 Bb5 37. g3 c3 38. bxc3 Rc8 39. Kd4 Rd8+ 40. Kc5
Ba4 41. Kb6 Bc2 42. c4 a4 43. c5 f6 44. c6 Rd6 45. Kb7 Kf8 46. c7 Rd7 47. Kc6
Rxc7+ 48. Kxc7 Ke7 49. f4 Ke6 50. Kc6 g5 51. Kc5 gxf4 52. gxf4 Bb1 53. Kd4 Kd6
54. e5+ fxe5+ 55. fxe5+ Ke6 56. Ke4 Bc2 57. Rh2 Ke7 58. Kd5 Bd1 59. Kd4 Be2 60.
Ke3 Ke6 61. Rxh6+ Kxe5 62. g5 Kd5 63. g6 Kc4 64. Kd2 Bf3 65. g7 Bd5 66. Rh4+
Kb3 67. Kxd3 Kxa3 68. Kd4 Bb3 69. Kc3 Bg8 70. Rh1 Ka2 71. Kb4 Bb3 72. Rh2+ Kb1
73. Ka3 Kc1 74. Rg2 Kd1 75. g8=Q Bxg8 76. Rxg8 Ke2 77. Kxa4 Kd3 78. Rg4 Ke3 79.
Kb5 Kf3 80. Ra4 Ke3 81. Kc5 Kf3 82. Kd5 Ke3 83. Rb4 Kf3 84. Ke5 Ke3 85. Rb3+
Kd2 86. Kd4 Kc2 87. Rg3 Kb2 88. Kc4 Kc2 89. Rg2+ Kd1 90. Kc3 Ke1 91. Ra2 Kf1
92. Kd3 Kg1 93. Ke3 Kf1 94. Rb2 Ke1 1-0

[Event "Collado Villaoba op-B 34th"]
[Site "Collado Villalba"]
[Date "2017.08.23"]
[Round "2.31"]
[White "Tudoroiu, Adrian Eugeni"]
[Black "Cebrian Alfaya, Jorge"]
[Result "0-1"]
[WhiteElo "1101"]
[BlackElo "1527"]
[PlyCount "76"]
[EventDate "2017.08.22"]
[EventType "swiss"]
[EventRounds "9"]
[EventCountry "ESP"]

1. d4 e6 2. Bf4 c5 3. e3 Nf6 4. Nf3 Nc6 5. c3 Be7 6. Bd3 b6 7. Nbd2 Bb7 8. Qc2
d6 9. O-O-O Rc8 10. Bb5 a6 11. Bxc6+ Bxc6 12. h4 Ng4 13. Nc4 cxd4 14. Rxd4 d5
15. g3 Bc5 16. Rd2 Nxf2 17. Rxf2 dxc4 18. Rd1 Qe7 19. b4 cxb3 20. Qxb3 Ba3+ 21.
Kb1 Be4+ 22. Ka1 Qc5 23. Be5 Qa5 24. Bd4 b5 25. Nd2 Bd5 26. Qc2 O-O 27. Rb1 Bc5
28. c4 Bxd4+ 29. exd4 Bxc4 30. Nb3 Bxb3 31. Qxb3 Qc3+ 32. Qxc3 Rxc3 33. g4 Rfc8
34. Kb2 Rd3 35. Rf4 h6 36. Rc1 Rd2+ 37. Kb1 Rxc1+ 38. Kxc1 Rxa2 0-1

[Event "Collado Villaoba op-B 34th"]
[Site "Collado Villalba"]
[Date "2017.08.23"]
[Round "2.33"]
[White "Olmedo Aznar, Eduardo"]
[Black "Ramirez Nebot, Eneas"]
[Result "1-0"]
[WhiteElo "1519"]
[BlackElo "1097"]
[PlyCount "51"]
[EventDate "2017.08.22"]
[EventType "swiss"]
[EventRounds "9"]
[EventCountry "ESP"]

1. e4 e6 2. d3 d5 3. Nd2 Nc6 4. Ngf3 Nf6 5. g3 Bc5 6. Bg2 b6 7. c3 e5 8. O-O
Bg4 9. Qa4 Qd7 10. exd5 Nxd5 11. Nxe5 Nxe5 12. Qxd7+ Kxd7 13. Bxd5 Rae8 14. d4
Bxd4 15. cxd4 Nd3 16. Bf3 Bh3 17. Bg2 Bg4 18. Nf3 f6 19. Rd1 Bf5 20. Nh4 Bg4
21. f3 Re1+ 22. Rxe1 Nxe1 23. fxg4 Re8 24. Nf5 Nc2 25. Rb1 Re2 26. Bf1 1-0

[Event "34. Abierto Collado Villalba 2017 - B"]
[Site "Collado Villalba ESP"]
[Date "2017.08.24"]
[Round "3.1"]
[White "Alvarez Gonzalez, Eduardo"]
[Black "Sotoca Aguado, Jose"]
[Result "1-0"]
[WhiteElo "1761"]
[BlackElo "1885"]
[PlyCount "111"]
[EventDate "2017.08.22"]
[EventType "swiss"]
[EventRounds "9"]
[EventCountry "ESP"]
[SourceTitle "Ajedrez en Madrid"]
[Source "lmi"]
[SourceDate "2017.08.22"]
[SourceVersion "1"]
[SourceVersionDate "2017.08.31"]
[SourceQuality "1"]

1. d4 Nf6 2. Nf3 e6 3. c4 b6 4. g3 Bb7 5. Bg2 Bb4+ 6. Bd2 Qe7 7. Nc3 Bxc3 8.
Bxc3 Ne4 9. Qc2 Nxc3 10. Qxc3 O-O 11. O-O d6 12. Rfe1 f5 13. Nh4 Bxg2 14. Nxg2
Qf6 15. Rac1 Nd7 16. Nf4 g5 17. Nd3 e5 18. dxe5 dxe5 19. Nb4 c6 20. Red1 Nc5
21. Nd3 Nxd3 22. Rxd3 f4 23. g4 Qe6 24. h3 Rad8 25. Rcd1 Rxd3 26. Qxd3 Re8 27.
Qd7 Qe7 28. Qxc6 Qf7 29. Qd5 Re7 30. Kf1 Kg7 31. Qxf7+ Kxf7 32. Ke1 e4 33. Rd5
Kf6 34. a4 h6 35. Rd6+ Ke5 36. Rd5+ Ke6 37. Kd1 Rc7 38. b3 a6 39. Kc2 a5 40.
Kc3 e3 41. fxe3 fxe3 42. Kd3 Rf7 43. Kxe3 Rf6 44. Rb5 Kd7 45. c5 Re6+ 46. Kd3
bxc5 47. Rxc5 Rd6+ 48. Ke4 Rb6 49. Rb5 Re6+ 50. Kd3 Rd6+ 51. Ke3 Re6+ 52. Kf2
Rc6 53. Rxa5 Rc3 54. Rd5+ Kc6 55. Rd3 Rc1 56. e4 1-0